[Event "IMSA Rapid Women 2019"]
[Site "Hengshui"]
[Date "2019.05.14"]
[Round "2.16"]
[White "Krush, Irina"]
[Black "Khotenashvili, Bela"]
[Result "1/2-1/2"]
[WhiteElo "2422"]
[BlackElo "2476"]
[Annotator "TA"]
[PlyCount "102"]
[EventDate "2019.05.14"]
[EventType "rapid"]
[EventCountry "CHN"]
[SourceTitle "playchess.com"]
[Source "ChessBase"]
[SourceQuality "1"]

{[%evp 11,102,22,33,0,0,8,8,-8,47,18,58,48,85,81,112,70,70,57,48,33,36,41,52,17,21,0,0,7,2,-36,-9,-3,-7,-6,0,-18,-20,-88,-84,-86,-97,-100,-106,-133,-118,-139,-66,-63,-69,-70,-65,-69,0,-66,-56,-54,-50,-105,-57,-99,-8,-141,-118,-127,-118,-111,-112,-172,0,-339,354,227,227,208,196,0,0,0,0,0,8,0,0,0,0,0,0,0,0,0,0,0,0]} 1. d4 Nf6 2. c4 g6 3. Nc3 d5 4. cxd5 Nxd5 5. e4 Nxc3 6. bxc3 Bg7 7. Bg5 {D85: Exchange Grünfeld: Unusual White 7th moves and lines with 7 Nf3} c5 8. Rc1 O-O {[%cal Rc5d4]} 9. d5 f6 $146 (9... Qa5 $11) ({Predecessor:} 9... h6 10. Be3 e6 11. c4 Na6 12. Qd2 Re8 13. Bd3 exd5 14. cxd5 Nb4 {0-1 (52) Nakamura,H (2777)-Vachier Lagrave,M (2779) chess.com INT 2018}) 10. Be3 b6 11. Nf3 e5 12. Be2 Na6 13. O-O Nc7 14. d6 Ne6 15. Qd5 Bd7 16. a4 Kh8 17. Bb5 a6 18. Bxd7 Qxd7 19. Rb1 Rab8 20. Qd3 b5 21. axb5 axb5 22. Rfd1 Rb6 23. Qd5 Rc8 24. h3 (24. h4 $11) 24... Bf8 $17 {[%cal Rb6d6]} 25. Qa2 Rcb8 ({Of course not} 25... Rxd6 $6 26. Rxd6 Bxd6 27. Rxb5 $14) 26. Rd5 Rxd6 27. Rbd1 Rxd5 28. exd5 Nd8 (28... Nc7 $17 29. Qa7 Ra8) 29. Nd2 $15 f5 30. Nb3 Rc8 31. Qa6 Bd6 (31... c4 $15 32. Na5 f4) 32. Na5 (32. c4 $11) 32... f4 33. Bc1 Kg7 34. c4 ({White should play} 34. Nb3 $15) 34... b4 $36 {[%mdl 2048] Black is more active.} 35. Bb2 {[#]} Kg8 (35... f3 $1 $17 {[%mdl 512] White must now prevent ...Nf7.} 36. Re1 (36. gxf3 Nf7) 36... Nf7) 36. Nc6 (36. Nb3 $11 {remains equal.}) 36... Nf7 ({But not} 36... Nxc6 $6 37. dxc6 Rxc6 38. Qa8+ Kf7 39. Bxe5 $1 $11 {[%mdl 512]}) 37. Re1 {[%cal Rc6e5]} Re8 38. f3 Qf5 {Threatens to win with ...Qc2.} 39. Qa1 {[#]} (39. Qa4 $17 {was worth a try.}) 39... Qc2 $2 (39... Qd3 $1 $19 {[%cal Rd3c4]} 40. Re4 b3) 40. Bxe5 $2 {[%mdl 8192]} (40. Nxe5 $11 Bxe5 41. Bxe5 Nxe5 42. Rxe5 Rxe5 43. Qxe5) 40... Qxc4 $4 {[%mdl 8192]} (40... Qd2 $19 {avoids the disaster.} 41. Kh2 Bxe5 42. Nxe5 Qc3 43. Qxc3 bxc3) 41. Bxd6 Nxd6 42. Rxe8+ Nxe8 {[#]} 43. Qe5 $2 ({White has to play} 43. Qe1 $1 $18 {[%cal Re1e8]} Ng7 44. Qe5) 43... Qc1+ $11 {The position is equal.} 44. Kh2 Qe3 {And now ...Qxe5 would win.} 45. Qb8 Kf8 46. Ne5 Qe1 47. Nd7+ {[%mdl 64] Discovered Attack} Ke7 48. Nxc5 Qg3+ $1 49. Kh1 Qe1+ 50. Kh2 Qg3+ $1 51. Kh1 Qe1+ {Accuracy: White = 37%, Black = 49%.} 1/2-1/2

[Event "IMSA Rapid Women 2019"]
[Site "Hengshui"]
[Date "2019.05.14"]
[Round "3.9"]
[White "Muzychuk, Mariya"]
[Black "Gunina, Valentina"]
[Result "1-0"]
[WhiteElo "2563"]
[BlackElo "2506"]
[Annotator "TA"]
[PlyCount "87"]
[EventDate "2019.05.14"]
[EventType "rapid"]
[EventCountry "CHN"]
[SourceTitle "playchess.com"]
[Source "ChessBase"]
[SourceQuality "1"]

{[%evp 15,87,20,43,48,37,24,28,-65,-56,-66,-49,-45,-34,-53,-26,-37,-34,-75,-6,-13,49,23,35,0,24,-44,-33,-63,-70,-50,-2,-7,0,0,97,106,92,92,102,80,92,11,37,0,0,0,36,0,118,57,191,197,196,141,127,124,129,139,110,94,118,120,146,33,135,0,1065,767,759,747,661,556,6586,5297]} 1. e4 c6 2. d4 d5 3. Nc3 dxe4 4. Nxe4 Bf5 5. Ng3 Bg6 6. Nf3 Nd7 7. Bd3 Qc7 8. O-O e6 9. Bxg6 {B18: Classical Caro-Kann: 4...Bf5 sidelines} (9. c4 Ngf6 10. Bg5 Bd6 11. Re1 O-O 12. Bxg6 hxg6 13. Qc2 Rfe8 14. Rad1 b5 15. b3 bxc4 16. bxc4 c5 17. Ne4 Nxe4 18. Qxe4 Nf6 19. Qh4 Nh7 20. Be3 cxd4 21. Qxd4 Bb4 22. Rf1 Red8 23. Qe4 Nf6 24. Qh4 Rac8 {½-½ (24) Motylev,A (2649)-Riazantsev,A (2646) Berlin 2015}) 9... hxg6 10. Ne4 Ngf6 11. Nxf6+ $146 (11. Qe2 $11) ({Predecessor:} 11. Neg5 Bd6 12. h3 O-O 13. c4 c5 14. dxc5 Bxc5 15. b3 {0-1 (53) Parente,A (1420)-Iula,M (1674) LSS email 2013}) 11... gxf6 $15 12. Qe2 O-O-O 13. c4 g5 14. g3 Be7 15. d5 g4 16. Nh4 {[#]} Ne5 (16... Qe5 $1 $17 {[%cal Re5e2]} 17. Be3 f5) 17. Bf4 $1 $11 Rdg8 (17... exd5 $11 18. Rae1 Bb4 19. Bxe5 fxe5) 18. dxe6 fxe6 19. Rfe1 Bb4 20. Bxe5 (20. Red1 $11) 20... fxe5 $15 21. Qxe5 Bxe1 22. Qxe6+ Kb8 23. Rxe1 {Black must now prevent Ng6.} a6 24. Re4 Ka7 (24... Qg7 $11) 25. Ng6 $16 ({Much weaker is} 25. Rxg4 Re8 $11) 25... Re8 26. Qxg4 Rhg8 27. Rxe8 Rxe8 {[%mdl 4096] Endgame KQR-KQN} 28. Qd4+ (28. h4 $16) 28... c5 $11 29. Qd5 Rd8 30. Qf3 Qa5 31. Qe3 Rd4 (31... Qxa2 $11 {remains equal.} 32. Qxc5+ Ka8) 32. a3 (32. Ne5 $16) 32... Qa4 (32... Rxc4 $14 33. Ne5 Rd4) 33. Ne5 $18 Qc2 {[#]} 34. h4 ({White should play} 34. b3 $1 $18) 34... Qxb2 $16 35. h5 Kb6 36. h6 Rd1+ 37. Kh2 {Strongly threatening Nd3!} Qb1 {White should prevent ...Rh1+.} 38. Qf3 $36 {[%mdl 2048] Keeping Black busy.} Rd6 39. Nf7 (39. Qh5 $16 {h7 is the strong threat.} Rd2 40. Qf3) 39... Rd2 (39... Rd4 $1 $14) 40. Ng5 ({Better is} 40. Kg2 $16) 40... Rd3 $2 {[%mdl 8192]} (40... Rd6 $11 41. Nf7 (41. Qf8 Qg6 $11 {[%mdl 64] Double Attack}) 41... Rd4) 41. Qf6+ {White is clearly winning.} Ka5 42. h7 Rd1 43. Qf3 Qb2 44. Qxd1 {Accuracy: White = 33%, Black = 32%.} 1-0

[Event "IMSA Rapid Women 2019"]
[Site "Hengshui"]
[Date "2019.05.14"]
[Round "3.10"]
[White "Kosteniuk, Alexandra"]
[Black "Koneru, Humpy"]
[Result "1/2-1/2"]
[WhiteElo "2546"]
[BlackElo "2553"]
[Annotator "TA"]
[PlyCount "122"]
[EventDate "2019.05.14"]
[EventType "rapid"]
[EventCountry "CHN"]
[SourceTitle "playchess.com"]
[Source "ChessBase"]
[SourceQuality "1"]

{[%evp 13,122,-8,-8,-6,-5,-13,-18,-42,-33,-49,-43,-46,-36,-73,-72,-65,-47,-67,-64,-90,-69,-60,-41,-97,-85,-123,-113,-107,-114,-100,-104,-126,-126,-112,-122,-143,-83,-114,-128,-133,-123,-125,-133,-108,-61,-78,-93,-125,-99,-108,-115,-100,-56,-77,-40,-62,-79,-72,-70,-85,-70,-70,-70,-70,-70,-141,-79,-101,-93,-90,-91,-91,-25,-78,-54,-176,-15,-153,-80,-156,-146,-231,0,0,0,0,0,0,0,0,0,0,0,0,0,0,0,0,0,0,0,0,0,0,0,0,0,0,0,0,0]} 1. c4 e6 2. Nc3 d5 3. d4 Be7 4. cxd5 exd5 5. Nf3 Nf6 6. Bg5 c6 7. Qc2 g6 8. h3 {D36: Queen's Gambit Declined: Exchange Variation: Main line (5 Bg5 c6 6 Qc2)} (8. e3 Bf5 9. Bd3 Bxd3 10. Qxd3 Nbd7 11. Bh6 Ng4 12. Bf4 O-O 13. O-O Re8 14. Rab1 a5 15. Qc2 Nb6 16. h3 Nf6 17. Ne5 Nfd7 18. Nd3 Nc4 19. Rbc1 {½-½ (71) Nguyen,N (2629)-Adhiban,B (2677) Tbilisi 2017}) 8... Bf5 9. Qb3 Qb6 10. Qxb6 axb6 11. g4 {aiming for Bxf6.} Be6 12. Bh6 b5 {[%cal Bb6b5,Bb5b4][%mdl 32]} 13. Nd2 $146 ({Predecessor:} 13. Ng5 Nbd7 14. Bg2 Bf8 15. Nxe6 fxe6 {½-½ (57) Wittenberg,G (1895)-Klapp,H (2132) GER email 2013}) 13... b4 $36 {[%mdl 2048] Black is really pushing.} 14. Nd1 Nbd7 15. Bg2 Nb6 16. b3 Nfd7 17. Nb2 f6 18. Bf4 (18. Nd3 $15) 18... Kf7 $17 19. Bf3 Ra6 20. Nd3 Rha8 21. Nc1 Nc8 22. e3 Nd6 23. Bxd6 Bxd6 24. O-O b6 (24... Ra3 $142 25. e4 dxe4 26. Nxe4 Be7) 25. Be2 Ra5 26. f4 {Black should prevent f5.} Ke7 27. e4 dxe4 28. Nxe4 Bd5 29. Nxd6 Kxd6 30. Bf3 Re8 31. Kf2 Bxf3 32. Kxf3 Rd5 (32... Nf8 {with more complications.} 33. Rd1 Ne6 34. Ne2 h5 35. Ng3 Rd5) 33. Ne2 Ra8 34. Rfd1 Nf8 35. Rd2 Ne6 36. Rc1 Kc7 37. Rdc2 c5 38. dxc5 bxc5 39. Kf2 ({Better is} 39. f5 $15 gxf5 40. Nf4 Nxf4 41. Kxf4) 39... Rad8 (39... f5 $142 40. Rg1 Rf8) 40. Rc4 Kb6 41. Re4 R8d6 42. Rc2 h5 (42... f5 $17 43. Re3 Kc7 44. gxf5 gxf5) 43. Re3 (43. f5 $11 {remains equal.} Ng5 44. Re8 hxg4 45. fxg6 Nxh3+ 46. Kg3) 43... h4 44. Re4 (44. f5 $1 $15 gxf5 45. Rxe6 {[%mdl 64] Remove Defender, Decoy} Rxe6 46. Nf4) 44... Kb7 $2 ({Black should try} 44... Rd1 $19 45. Re3 Nc7) 45. Re3 (45. f5 $1 $11 {was the only way to keep the balance.} gxf5 46. Rxe6 $1 {[%mdl 576] Remove Defender, Decoy} Rxe6 47. Nf4) 45... Kc7 (45... f5 $142 46. gxf5 gxf5) 46. a3 (46. f5 $142 gxf5 47. Rxe6 {[%mdl 64] Remove Defender, Decoy} Rxe6 48. Nf4) 46... bxa3 47. b4 {[#]} (47. Ra2 $17) 47... Kd7 $2 ({Black should play} 47... Rd2 $1 $19 {[%cal Rd2c2]} 48. bxc5 Rxc2 49. cxd6+ Kxd6) 48. bxc5 $11 {The position is equal.} Rxc5 49. Rxc5 Nxc5 50. Rxa3 {[%mdl 4096] Endgame KRN-KRN} Ke6 51. Ke3 g5 52. fxg5 fxg5 53. Nd4+ Kf6 54. Ra8 Ne6 55. Nxe6 Rxe6+ {KR-KR} 56. Kf3 Rb6 57. Ra3 Re6 58. Rc3 Kg6 59. Rb3 $1 Kf6 60. Rc3 Kg6 61. Rb3 Kf6 {Accuracy: White = 40%, Black = 54%.} 1/2-1/2

[Event "IMSA Rapid Women 2019"]
[Site "Hengshui"]
[Date "2019.05.14"]
[Round "3.11"]
[White "Abdumalik, Zhansaya"]
[Black "Tan, Zhongyi"]
[Result "1-0"]
[WhiteElo "2464"]
[BlackElo "2513"]
[Annotator "TA"]
[PlyCount "135"]
[EventDate "2019.05.14"]
[EventType "rapid"]
[EventCountry "CHN"]
[SourceTitle "playchess.com"]
[Source "ChessBase"]
[SourceQuality "1"]

{[%evp 12,134,10,3,13,8,26,22,14,18,33,32,41,48,78,36,39,30,42,8,47,68,53,52,55,42,59,75,83,81,91,77,131,108,116,109,115,116,104,114,158,151,160,158,152,88,166,157,141,140,135,126,126,132,132,123,161,167,199,198,196,195,192,192,191,196,282,252,256,202,284,227,229,208,228,189,181,192,223,147,175,144,196,184,218,211,204,0,206,230,225,184,234,227,207,212,225,225,321,315,325,322,316,310,422,323,323,308,259,191,195,183,606,604,562,567,519,0,383,363,1831,1689,1462,1449,29999]} 1. e4 e5 2. Nf3 Nc6 3. Bb5 Nf6 4. d3 Bc5 5. c3 O-O 6. O-O d6 7. Nbd2 a6 {C65: Ruy Lopez: Berlin Defence (3...Nf6), unusual lines and 4 0-0 Bc5} 8. Ba4 (8. Bxc6 bxc6 9. d4 exd4 10. cxd4 Bb6 11. Qc2 Re8 12. Re1 c5 13. d5 Bg4 14. b3 Ba5 15. Re3 {½-½ (37) Vitiugov,N (2730)-Jakovenko,D (2748) Satka 2018}) 8... Ba7 9. h3 b5 {The position is equal.} 10. Bc2 d5 11. exd5 Qxd5 12. Qe2 $146 ({Predecessor:} 12. Ne4 Nxe4 13. dxe4 Qxd1 14. Rxd1 Be6 15. Ng5 {1-0 (43) Lintner,I (2192)-Hartl,J (2034) Slovakia 2018}) 12... Re8 13. Ne4 (13. Bb3 {feels hotter.} Qd7 14. Ng5 Rf8 15. Nde4 Qe7 16. Qf3) 13... Nxe4 $1 14. dxe4 Qd6 15. Be3 Be6 {With the idea ...Bc4.} 16. Rfd1 Qe7 17. Bxa7 Rxa7 18. Bb3 Rb7 19. Bd5 $36 {[%mdl 2048] White has strong initiative.} Bxd5 20. Rxd5 f6 21. a4 {[%cal Ra4b5]} Na7 (21... Reb8 $142) 22. axb5 axb5 23. Nh4 g6 {[#]} 24. Rad1 $1 c6 25. Rd6 Nc8 26. Rxc6 Rd8 27. Nf3 Kg7 28. b4 (28. Rxd8 $142 Qxd8 29. Rc5) 28... Rbd7 (28... Rxd1+ $16 29. Qxd1 Rc7 30. Rxc7 Qxc7) 29. Ra1 Nd6 30. Rc5 Rc7 31. Qe3 Rdc8 32. Rxc7 Rxc7 {[#]} 33. Nd2 $1 Qd7 34. Nb3 Nc4 35. Qe2 Ra7 36. Rd1 Qc6 37. Nc5 Nb6 38. Qe3 Ra8 (38... Rf7 {might work better.} 39. h4 Na4) 39. h4 $18 h5 40. Kh2 Re8 (40... Rf8 $142 41. Rd3 Na4) 41. Rd3 Re7 42. Qd2 Nc4 43. Qa2 Qc8 44. Qe2 Ra7 45. Rg3 {Threatens to win with Qxh5.} Kh7 46. Qd3 Re7 (46... Kg7 $16 47. Qd1 Kh7) 47. Qd5 Kg7 48. Qd1 Kh7 49. Qe2 $2 ({White should play} 49. Rf3 $18) 49... Rf7 $2 (49... Ra7 $11 {and Black stays safe.}) 50. Rd3 Re7 51. Rd5 Kg7 52. Qd1 Nb2 53. Qf3 {Hoping for Rd6.} Nc4 54. Nb3 Na3 (54... Qa6 $142 55. Qh3 Qc6) 55. Rd6 Rf7 56. Nc5 {Ne6+ is the strong threat.} Nc4 57. Ra6 f5 58. Qg3 Rf6 59. Rxf6 Kxf6 60. Qg5+ Kf7 61. Qh6 f4 $2 (61... Qf8 62. Qc1 fxe4) 62. Qh7+ Kf6 63. Nd7+ Ke6 64. Nc5+ Kf6 65. Qa7 Qg4 $2 (65... Nd6 66. Qb6 Ke7) 66. Nd7+ Ke6 67. Nf8+ Kd6 68. Qc5# {Accuracy: White = 82%, Black = 39%.} 1-0

[Event "IMSA Rapid Women 2019"]
[Site "Hengshui"]
[Date "2019.05.14"]
[Round "3.12"]
[White "Dzagnidze, Nana"]
[Black "Stefanova, Antoaneta"]
[Result "1-0"]
[WhiteElo "2510"]
[BlackElo "2470"]
[Annotator "RC"]
[PlyCount "81"]
[EventDate "2019.05.14"]
[EventType "rapid"]
[EventCountry "CHN"]
[SourceTitle "playchess.com"]
[Source "ChessBase"]
[SourceQuality "1"]
[TimeControl "900+10"]

1. e4 {[%emt 0:00:00]} e5 {[%emt 0:00:00]} 2. Nf3 {[%emt 0:00:00]} Nc6 {[%emt 0:00:00]} 3. Bc4 {[%emt 0:00:00]} Bc5 {[%emt 0:00:00]} 4. c3 {[%emt 0:00:02]} Nf6 {[%emt 0:00:00]} 5. d4 {[%emt 0:00:04]} exd4 {[%emt 0:00:01]} 6. e5 {[%emt 0:00:02]} d5 {[%emt 0:00:07]} 7. Bb5 {[%emt 0:00:21]} Ne4 {[%emt 0:00:07]} 8. cxd4 {[%emt 0:00:02]} Bb6 {[%emt 0:00:04]} 9. Nc3 {[%emt 0:00:26]} O-O {[%emt 0:01:36]} 10. Be3 {[%emt 0:00:11]} Bg4 {[%emt 0:02:36]} 11. h3 {[%emt 0:00:09]} Bh5 {[%emt 0:00:01]} 12. Qc2 {[%emt 0:00:16]} Bg6 {[%emt 0:00:17]} 13. Qb3 {[%emt 0:00:12]} Ne7 {[%emt 0:00:17]} 14. O-O {[%emt 0:00:03]} c6 {[%emt 0:00:33]} 15. Bd3 {[%emt 0:00:23]} Nd2 {[%emt 0:03:49]} 16. Nxd2 {[%emt 0:02:42]} Bxd3 {[%emt 0:00:03]} 17. Rfe1 {[%emt 0:00:03]} Bg6 {[%emt 0:01:13]} 18. Nf3 {[%emt 0:01:34]} Nf5 {[%emt 0:00:37]} 19. Na4 {[%emt 0:02:42]} Ba5 {[%emt 0:01:44]} 20. Re2 {[%emt 0:00:15]} Nxe3 {[%emt 0:00:12]} 21. Rxe3 {[%emt 0:00:09]} Rb8 {[%emt 0:00:39]} 22. a3 {[%emt 0:00:49]} Bf5 {[%emt 0:01:44]} 23. Qd1 {[%emt 0:02:28]} f6 {[%emt 0:00:21]} 24. Nc5 {[%emt 0:00:42]} fxe5 {[%emt 0:00:30]} 25. Nxe5 {[%emt 0:00:20]} Bc7 {[%emt 0:00:12]} 26. Qe2 {[%emt 0:01:00]} Qd6 {[%emt 0:01:10]} 27. Rf1 {[%emt 0:01:08]} Bd8 {[%emt 0:00:19]} 28. b4 {[%emt 0:00:56]} b6 {[%emt 0:00:22]} 29. Ncd3 {[%emt 0:00:04]} a5 {[%emt 0:00:23]} 30. bxa5 {[%emt 0:00:48]} bxa5 {[%emt 0:00:21]} 31. Nc5 {[%emt 0:00:01]} Bf6 {[%emt 0:00:26]} 32. Qd2 {[%emt 0:00:45]} Rb5 {[%emt 0:00:09]} 33. Qc3 {[%emt 0:01:09]} Rfb8 {[%emt 0:00:13]} 34. g4 {[%emt 0:00:12]} Bb1 {[%emt 0:00:16]} 35. Ned7 {[%emt 0:00:16]} Bg5 {[%emt 0:00:13]} 36. Re6 {[%emt 0:00:14]} Rxc5 {[%emt 0:00:10]} 37. Nxc5 {[%emt 0:00:08]} Qf4 {[%emt 0:00:05]} 38. Nd7 {[%emt 0:00:21]} Rd8 {[%emt 0:00:10]} 39. Rxb1 {[%emt 0:00:05]} Rxd7 {[%emt 0:00:01]} 40. Qxc6 {[%emt 0:00:11]} Bh4 {[%emt 0:00:22]} 41. Re8+ {[%emt 0:00:03]} 1-0

[Event "IMSA Rapid Women 2019"]
[Site "Hengshui"]
[Date "2019.05.14"]
[Round "3.13"]
[White "Bodnaruk, Anastasia"]
[Black "Lei, Tingjie"]
[Result "0-1"]
[WhiteElo "2431"]
[BlackElo "2507"]
[Annotator "TA"]
[PlyCount "54"]
[EventDate "2019.05.14"]
[EventType "rapid"]
[EventCountry "CHN"]
[SourceTitle "playchess.com"]
[Source "ChessBase"]
[SourceQuality "1"]

{[%evp 14,54,56,68,52,44,56,40,89,67,65,63,109,104,141,9,12,12,22,-6,-27,-25,0,-94,-75,-195,-221,-257,-250,-275,-272,-341,-336,-702,-574,-840,-822,-757,-216,-541,-535,-29992,-29993]} 1. e4 c6 2. d4 d5 3. e5 Bf5 4. Nf3 e6 5. Be2 c5 6. O-O Nc6 7. c3 Nge7 8. dxc5 Ng6 {B12: Caro-Kann: Advance Variation} 9. b4 Ngxe5 10. Nd4 Bg6 {White is slightly better.} (10... Bxb1 11. Rxb1 Be7 12. Nxc6 Nxc6 13. c4 dxc4 14. Bxc4 O-O 15. Be3 Bf6 16. Bd3 {½-½ (102) Motylev,A (2669)-Postny,E (2579) Batumi 2018}) 11. f4 Nxd4 $146 ({Predecessor:} 11... Nd7 12. Be3 Be7 13. g4 h6 14. f5 exf5 15. Nxf5 Bxf5 16. Rxf5 {0-1 (25) Casani,R (1793)-Carroll,C (1903) IECG email 2002}) 12. cxd4 Nc4 13. Nc3 {aiming for Qa4+.} Be7 {[#]} 14. g4 ({Better is} 14. f5 $1 $16 {[%cal Rf5g6][%mdl 512]} Bxf5 (14... exf5 15. Bf3) 15. Rxf5 $1 {[%mdl 512]} exf5 16. Bf3) 14... f5 $1 $11 15. g5 h6 {[%cal Rh6g5]} 16. h4 {White wants to play h5.} hxg5 17. hxg5 b6 18. Kg2 (18. a3 $11) 18... a5 $1 $17 {[%cal Ba7a5,Ba5b4][%mdl 32]} 19. Rh1 (19. b5 $17) 19... Rxh1 $19 20. Qxh1 axb4 21. Nb5 bxc5 22. dxc5 Bxc5 {Strongly threatening ...Kf7.} 23. Qf1 $2 (23. Qh8+ Kf7 24. Qxd8 Rxd8 25. a4) 23... Qb6 24. Bxc4 dxc4 25. Qxc4 Qc6+ $2 (25... Ke7 {White must now prevent ...Qc6+.} 26. Qe2 Be8) 26. Kh2 $2 (26. Kg3 e5 27. Be3 $1 {[%mdl 512]} (27. Qg8+ $2 Bf8 $19) 27... exf4+ 28. Bxf4) 26... Kf7 {( -> ...Rh8+)} ({Wrong is} 26... Bg1+ $2 27. Kxg1 Qb6+ 28. Nd4 $18) 27. Be3 {[#]} Qf3 0-1

[Event "IMSA Rapid Women 2019"]
[Site "Hengshui"]
[Date "2019.05.14"]
[Round "3.14"]
[White "Ushenina, Anna"]
[Black "Krush, Irina"]
[Result "1-0"]
[WhiteElo "2442"]
[BlackElo "2422"]
[Annotator "TA"]
[PlyCount "89"]
[EventDate "2019.05.14"]
[EventType "rapid"]
[EventCountry "CHN"]
[SourceTitle "playchess.com"]
[Source "ChessBase"]
[SourceQuality "1"]

{[%evp 9,89,0,1,8,11,3,48,35,59,51,66,45,55,25,59,52,56,66,50,62,77,88,69,85,133,133,139,135,226,237,232,180,268,220,276,241,236,225,417,437,393,349,624,567,575,577,561,527,522,436,388,318,647,643,579,396,5261,1338,1108,456,459,455,436,402,478,459,478,478,441,416,506,505,602,602,602,602,593,580,565,532,29975,29976]} 1. d4 d5 2. Nf3 Nf6 3. Bf4 c5 4. e3 Nc6 5. Nbd2 cxd4 6. exd4 {D02: 1 d4 d5 2 Nf3 sidelines, including 2...Nf6 3 g3 and 2...Nf6 3 Bf4} Bf5 7. Bb5 Bd7 $146 ({Predecessor:} 7... e6 8. Ne5 Qb6 9. c4 dxc4 10. Qa4 a6 11. Bxc6+ bxc6 12. O-O Nd5 13. Bg3 c3 14. bxc3 Qb5 15. Qb3 Qxb3 {½-½ (15) Nabaty,T (2692)-Michalik,P (2555) Czech Republic 2018}) 8. c3 {White is slightly better.} g6 9. O-O Bg7 10. h3 O-O 11. Re1 Re8 12. a4 a6 13. Bf1 Bf5 14. Ne5 Rc8 15. Nxc6 Rxc6 16. a5 Rc8 {[#]} 17. Qb3 $1 Qd7 18. Ra4 {[%cal Ba1a4,Ba4b4,Bb4b7,Bb7e7][%mdl 32]} Nh5 (18... Ra8 $16 19. Rb4 Ra7) 19. Bh2 $18 Bh6 20. Nf3 Nf4 (20... Bf4 $142 21. g4 Bxg4 22. hxg4 Qxg4+ 23. Bg2 e6 24. Qxb7 Ra8) 21. Ne5 Qd8 22. Rb4 Qxa5 23. Rxb7 f6 $2 (23... Ne6 24. Qb6 Qxb6 25. Rxb6 Bf4 26. Rxa6 (26. Bxa6 Rb8 $16) 26... Ra8) 24. Ng4 Bxg4 25. hxg4 g5 $2 (25... Kf7 26. Rb6 e5 27. Rxa6 Qd8 28. dxe5 fxe5) 26. Rexe7 Rxe7 27. Rxe7 Qd8 28. Rb7 Bf8 29. Bxa6 {[#] Black must now prevent Bxf4.} Ra8 30. Qb6 Qe8 $2 (30... Qxb6 31. Rxb6 Kf7) 31. Bxf4 gxf4 32. Qxf6 {Intending Bd3 and mate.} Qe1+ $2 (32... Qg6 33. Qxg6+ (33. Qxf4 Rxa6 34. Rb8 Rf6 $14) 33... hxg6) 33. Kh2 {White wants to mate with Qf7+!} Qe4 34. f3 (34. Qg5+ $142 Kh8 35. f3) 34... Qg6 35. Qxg6+ hxg6 {[%mdl 4096] Endgame KRB-KRB} 36. Rb6 Kf7 37. Bb7 Rd8 38. Kg1 Be7 39. Kf2 Bh4+ 40. Ke2 Re8+ 41. Kd2 Rd8 42. b4 Rd7 43. Kc2 Bd8 44. Rb5 Ke6 45. Bc8 {Accuracy: White = 72%, Black = 30%.} 1-0

[Event "IMSA Rapid Women 2019"]
[Site "Hengshui"]
[Date "2019.05.14"]
[Round "3.15"]
[White "Khotenashvili, Bela"]
[Black "Harika, Dronavalli"]
[Result "0-1"]
[WhiteElo "2476"]
[BlackElo "2492"]
[Annotator "TA"]
[PlyCount "88"]
[EventDate "2019.05.14"]
[EventType "rapid"]
[EventCountry "CHN"]
[SourceTitle "playchess.com"]
[Source "ChessBase"]
[SourceQuality "1"]

{[%evp 12,88,25,-43,36,36,26,6,36,34,29,-23,31,31,35,54,31,-63,-79,-62,-68,-48,-55,-75,-66,-73,-79,-119,-113,-113,-122,-164,-160,-267,-271,-281,-272,-246,-263,-302,-232,-363,-372,-391,-390,-364,-369,-412,-398,-420,-368,-556,-553,-546,-569,-606,-602,-608,-568,-544,-472,-475,-521,-508,-483,-534,-470,-801,-508,-604,-575,-645,-600,-29986,-29987,-29987,-29988,-29988,-29989]} 1. Nf3 f5 2. g3 Nf6 3. Bg2 g6 4. O-O Bg7 5. d4 O-O 6. c4 d6 7. b4 (7. Nc3 $11) 7... Qe8 {A87: Dutch Defence: Leningrad System: 5 Nf3} (7... e5 $15) (7... e5 8. dxe5 dxe5 9. Bb2 e4 10. Nd4 Ng4 11. c5 Rf7 12. Na3 Nc6 13. Nxc6 Qxd1 14. Raxd1 Bxb2 15. Nc4 {0-1 (39) Lenic,L (2659)-Svidler,P (2753) Dubai 2014}) 8. Bb2 $14 Nbd7 9. Qb3 e5 {The position is equal.} 10. c5+ Kh8 11. cxd6 $146 (11. Na3 $142) ({Predecessor:} 11. d5 dxc5 12. Ng5 c4 13. Qxc4 Nb6 14. Qb3 c6 15. dxc6 bxc6 {0-1 (27) Bueter,N (2053)-Schroeder,K (2361) Ditzingen 2016}) 11... cxd6 (11... e4 $11 12. Ng5 (12. dxc7 exf3 13. Bxf3 Nb6 $17) 12... Nb6) 12. dxe5 dxe5 13. Nbd2 e4 14. Ng5 (14. Nd4 $1 $14) 14... Nb6 $1 $15 15. Nc4 Nxc4 16. Qxc4 h6 17. Nh3 Be6 18. Qd4 g5 $36 {[%mdl 2048] Black has strong initiative.} 19. f4 {[#]} g4 $1 {[%cal Rg4h3]} 20. Nf2 Rf7 21. Qe3 Qf8 22. Qa3 {[#]} (22. Be5 $17 {keeps fighting.}) 22... a5 $1 $19 {[%mdl 512]} 23. bxa5 Qxa3 24. Bxa3 {[#]} Nd5 $1 ({But not} 24... Rxa5 25. Bb2) 25. Bd6 Rxa5 26. a3 (26. Be5 $142) 26... Ne3 27. Rfc1 Bxa1 28. Rxa1 Rd7 29. Be5+ Kg8 30. h3 h5 31. Rc1 (31. a4 {might work better.}) 31... Nc4 32. Bc3 Rxa3 33. hxg4 hxg4 34. Bxe4 fxe4 35. Nxe4 {White hopes to continue with Nf6+.} b5 36. Nf6+ Kf7 {aiming for ...Rxc3!} 37. Nxd7 Bxd7 38. Be1 Bc6 39. Rd1 (39. Kf2 $142) 39... Ke6 40. Rd8 Ra8 41. Rd1 Rh8 {( -> ...Rh1+)} 42. Ra1 Rh1+ {Black mates.} 43. Kf2 Rh2+ 44. Kg1 Rg2+ {Accuracy: White = 30%, Black = 77%.} 0-1